| 000 | 00508nam a2200181Ia 4500 | ||
|---|---|---|---|
| 008 | 150610s9999 xx 000 0 und d | ||
| 020 | _a9780142408421 | ||
| 050 |
_aPZ7 _b.F598284Bu 2006 |
||
| 100 | _aFlanagan, John | ||
| 245 | 4 |
_aThe burning bridge / _cJohn Flanagan. |
|
| 250 | _a1st American ed. | ||
| 260 |
_aNew York : _bPuffin Books, _c2006. |
||
| 300 |
_a262pages ; _c20 cm. |
||
| 440 |
_aRanger's Apprentice; bk. 2 _vv.2 |
||
| 520 | _aFiction. | ||
| 650 |
_aWar _xFiction. |
||
| 650 | _xFantasy. | ||
| 999 |
_c287892 _d287892 |
||